The political element in the development of economic theory (Record no. 82034)
[ view plain ]
| 000 -LEADER | |
|---|---|
| fixed length control field | 00767nam a2200169 a 4500 |
| 008 - FIXED-LENGTH DATA ELEMENTS--GENERAL INFORMATION | |
| fixed length control field | 120416s1971 ||||||||||||||||| || u |
| 020 ## - INTERNATIONAL STANDARD BOOK NUMBER | |
| International Standard Book Number | 0710035176 |
| 050 ## - LIBRARY OF CONGRESS CALL NUMBER | |
| Classification number | HB 75 Myr |
| 100 ## - MAIN ENTRY--PERSONAL NAME | |
| Personal name | Streeten, Paul |
| 245 14 - TITLE STATEMENT | |
| Title | The political element in the development of economic theory |
| Statement of responsibility, etc. | translated from the German by Paul Streeten |
| 260 ## - PUBLICATION, DISTRIBUTION, ETC. | |
| Place of publication, distribution, etc. | London |
| Name of publisher, distributor, etc. | Routledge and Kegan Paul |
| Date of publication, distribution, etc. | 1971 |
| 300 ## - PHYSICAL DESCRIPTION | |
| Extent | xvii, 248p. |
| 350 ## - | |
| -- | 0.00 |
| 700 ## - ADDED ENTRY--PERSONAL NAME | |
| Personal name | Myrdal, Gunnar, 1898- |
| 995 ## - | |
| -- | ANNEX COLLECTION (Main Library) |
| -- | 0.00 |
| -- | 001794 |
| -- | CBU-MAIN LIBRARY (Kitwe) |
| -- | 2 |
| -- | 0.00 |
| -- | HB 75 Myr |
| -- | AVAILABLE |
| -- | 001794 |
| -- | Annex Low-Usage Collection |
| 995 ## - | |
| -- | ANNEX COLLECTION (Main Library) |
| -- | 0.00 |
| -- | 001795 |
| -- | CBU-MAIN LIBRARY (Kitwe) |
| -- | 1 |
| -- | 0.00 |
| -- | HB 75 Myr |
| -- | AVAILABLE |
| -- | 001795 |
| -- | Annex Low-Usage Collection |
| 999 ## - | |
| -- | 82034 |
| -- | 82034 |
| Withdrawn status | Lost status | Source of classification or shelving scheme | Damaged status | Not for loan | Permanent Location | Current Location | Date acquired | Full call number | Barcode | Date last seen | Copy number | Price effective from | Koha item type | Shelving location | Total Checkouts |
|---|---|---|---|---|---|---|---|---|---|---|---|---|---|---|---|
| Withdrawn | CBU-MAIN LIBRARY, KITWE. | CBU-MAIN LIBRARY, KITWE. | 09/12/2023 | HB 75 Myr | 001794 | 09/12/2023 | 1 | 09/12/2023 | MONOGRAPH | ||||||
| CBU-MAIN LIBRARY, KITWE. | CBU-MAIN LIBRARY, KITWE. | 09/12/2023 | HB 75 Myr | 001795 | 09/12/2023 | 2 | 09/12/2023 | MONOGRAPH |